|
|
|
|
| LEADER |
00000nam0a2200000 4500 |
| 001 |
120065 |
| 005 |
20231031124844.0 |
| 010 |
|
|
|a 9785859714506
|
| 035 |
|
|
|a (RuTPU)RU\TPU\book\129989
|
| 090 |
|
|
|a 120065
|
| 100 |
|
|
|a 20070816d2007 m y0rusy50 ca
|
| 101 |
0 |
|
|a rus
|
| 102 |
|
|
|a RU
|
| 105 |
|
|
|a a j 001zy
|
| 200 |
1 |
|
|a Оценка качества менеджмента компаний
|e учебное пособие
|f Л. И. Шокина
|g Финансовая академия при Правительстве Российской Федерации ; под ред. М. А. Федотовой
|
| 210 |
|
|
|a Москва
|c КноРус
|d 2007
|
| 215 |
|
|
|a 344 с.
|c ил.
|
| 320 |
|
|
|a Библиография в конце глав.
|
| 330 |
|
|
|a Рассматриваются вопросы моделирования и обеспечения качества менеджмента, освещаются современные методы оценки систем менеджмента, в том числе разработанные автором пособия для целей конкурсной оценки компаний. Представлен обзор требований международного стандарта ИСО 9001:2000, а также рассмотрены модели интегрированной системы менеджмента. Изложена практика разработки и применения интегрированных систем менеджмента на крупнейших российских промышленных предприятиях. Для студентов, магистров, аспирантов, преподавателей экономических факультетов и вузов, а также для практикующих экспертов-оценщиков.
|
| 333 |
|
|
|a Исключено из фонда НТБ ТПУ
|
| 451 |
|
1 |
|0 (RuTPU)RU\TPU\book\163135
|y 978-5-390-00356-5
|t Оценка качества менеджмента компаний
|o учебное пособие
|f Л. И. Шокина
|g Финансовая академия при Правительстве Российской Федерации ; под ред. М. А. Федотовой
|c М.
|n КноРус
|d 2009
|p 344 с.
|a Шокина, Л. И.
|
| 675 |
|
|
|a 658.562(075.8)
|v 3
|
| 686 |
|
|
|a У9(2)29-2я73
|v LBC/SL-A
|2 rubbk
|
| 700 |
|
1 |
|a Шокина
|b Л. И.
|
| 702 |
|
1 |
|a Федотова
|b М. А.
|4 340
|
| 712 |
0 |
2 |
|a Финансовая академия при Правительстве Российской Федерации
|2 stltpush
|3 (RuTPU)RU\TPU\col\159
|
| 801 |
|
1 |
|a RU
|b 63413507
|c 20070816
|g PSBO
|
| 801 |
|
2 |
|a RU
|b 63413507
|c 20210601
|g PSBO
|
| 942 |
|
|
|c BK
|
| 959 |
|
|
|a 48/20070816
|d 2
|e 120,00
|f АНЛ:1
|f НФ:1
|